Historiske personer fra WWII (Bilder) - Statistics

General Stats
  • This quiz has been taken 156 times
    143 since last reset
  • The average score is 7 of 16
Answer Stats
Picture Hint Answer % Correct
Nazi-Tysklands diktator Adolf Hitler
99%
Sovjetunionens diktator Josef Stalin
91%
Storbritannias statsminister Winston Churchill
90%
Italias fascistiske diktator Benito Mussolini
83%
USAs president fra 1933-45 Franklin D. Roosevelt
79%
Lederen av SS Heinrich Himmler
50%
Japans seremonielle, men guddommelige keiser Hirohito
40%
Lederen av Luftwaffe (Tysklands flyvåpen) Hermann Göring
38%
Amerikansk general og Supreme Commander for vestallierte styrker fra 1943-45 Dwight D. Eisenhower
29%
Tysk general-feltmarskalk Erwin Rommel
28%
Fransk general og lederen av Frie Frankrike Charles de Gaulle
27%
Amerikansk general George S. Patton
19%
Kinas diktator Chiang Kai-shek
18%
Britisk Field Marshal Bernard Montgomery
17%
Sovjetisk general og marskalk Georgy Zhukov
14%
Japans militære leder og statsminister, 1941-44 Hideki Tojo
14%
No matching quizzes found
Score Distribution
Percent of People with Each Score
Percentile by Number Answered
Your Score History
You have not taken this quiz since the last reset